书目信息 |
| 题名: |
民法典条文对照与重点解读
|
|
| 作者: | 杜月秋 , 孙政 主编 | |
| 分册: | ||
| 出版信息: | 北京 法律出版社 2020.06 |
|
| 页数: | 497页 | |
| 开本: | 20cm | |
| 丛书名: | ||
| 单 册: | ||
| 中图分类: | D923.04 | |
| 科图分类: | ||
| 主题词: | 法律--中国 | |
| 电子资源: | ||
| ISBN: | 7-5197-4377-2 | |
| 000 | 00687nam0 2200217 450 | |
| 001 | 2635423817 | |
| 005 | 20260407095234.77 | |
| 010 | @a7-5197-4377-2@dCNY68.00 | |
| 100 | @a20260407d2020 km y0chiy0120 ea | |
| 101 | 0 | @achi |
| 102 | @aCN@b110000 | |
| 102 | @aCN@b110000 | |
| 200 | 1 | @a民法典条文对照与重点解读@AMin Fa Dian Tiao Wen Dui Zhao Yu Zhong Dian Jie Du@f杜月秋,孙政主编@FDu Yue Qiu,Sun Zheng Zhu Bian |
| 210 | @a北京@c法律出版社@d2020.06 | |
| 215 | @a497页@d20cm | |
| 606 | 0 | @a法律@x中国 |
| 690 | @aD923.04@v4 | |
| 701 | 0 | @a杜月秋@ADu Yue Qiu@4主编 |
| 701 | 0 | @a孙政@ASun Zheng@4主编 |
| 801 | 0 | @aCN@b大连网信软件有限公司图书馆·11@c20260407 |
| 905 | @aZUCC@dD923.04@e2562 | |
| 民法典条文对照与重点解读/杜月秋,孙政主编.-北京:法律出版社,2020.06 |
| 497页;20cm |
| ISBN 7-5197-4377-2:CNY68.00 |
| ● |
| 相关链接 |
|
|
|
|
正题名:民法典条文对照与重点解读
索取号:D923.04/2562
 
预约/预借
| 序号 | 登录号 | 条形码 | 馆藏地/架位号 | 状态 | 备注 |
| 1 | 1442498 | 214424988 | 第一样本阅览室/ [索取号:D923.04/2562] | 在馆 |